00281nam a22001097a 4500020002200000082001400022100002000036245004000056260003400096300000800130650003300138 a978-93-5207-294-1 a297.7 ALL aAllam, Mohammad aRight to Education Act and Madrasas aNew DelhibAuthorspressc2016 a106 aIslam-Education and Training